Formas de Países Prueba #5 - Estadísticas

Estadísticas generales
  • Esta prueba ha sido intentada 6.188 veces
  • La puntuación promedio es 10 de 16
Estadísticas de respuestas
Imagen Respuesta % Correcto
Marruecos
96%
Irlanda
85%
Papua Nueva Guinea
80%
Myanmar
78%
Finlandia
74%
Países Bajos
69%
Pakistán
69%
Yemen
63%
Corea del Sur
55%
Ecuador
55%
Jordania
55%
Serbia
53%
Túnez
53%
Bahamas
52%
Estonia
41%
Catar
33%
No se encontraron pruebas coincidentes
Distribución de puntuación
Porcentaje de gente con cada puntuación
Porcentaje por número respondido
Historial de tus puntuaciones
No has intentado esta prueba.